| Tag |
First Indicator |
Second Indicator |
Subfields |
| LEADER |
00000nam a2200000 4500 |
| 001 |
in00004287549 |
| 005 |
20200813075303.0 |
| 006 |
m g d |
| 007 |
cr bn |||a|bb| |
| 008 |
930325s1652 enk o 00| | eng d |
| 035 |
|
|
|a (UnM)99863183
|
| 037 |
|
|
|a CL0051000003
|b ProQuest Information and Learning. 300 N. Zeeb Rd., Ann Arbor, MI 48106
|
| 040 |
|
|
|a Cu-RivES
|c Cu-RivES
|d CStRLIN
|e dcrb
|d WaOLN
|
| 100 |
1 |
|
|a Owen, John,
|d 1616-1683.
|
| 245 |
1 |
2 |
|a A sermon preached to the Parliament, Octob. 13. 1652. A day of solemne humiliation. :
|b Concerning the kingdome of Christ, and the power of the civile magistrate about the things of the worship of God. /
|c By John Owen.
|
| 260 |
|
|
|a Oxford :
|b Printed by Leonard Lichfield printer to the University, for Thomas Robinson,
|c Anno Dom. 1652.
|
| 300 |
|
|
|a 1 online resource ([2], 54 pages)
|
| 336 |
|
|
|a text
|b txt
|2 rdacontent
|
| 337 |
|
|
|a computer
|b c
|2 rdamedia
|
| 338 |
|
|
|a online resource
|b cr
|2 rdacarrier
|
| 500 |
|
|
|a Annotation on Thomason copy: "Octob. 30".
|
| 500 |
|
|
|a Reproduction of the original in the British Library.
|
| 510 |
4 |
|
|a Wing (2nd edition)
|c O806.
|
| 510 |
3 |
|
|a Madan, III, 2204.
|
| 510 |
4 |
|
|a Thomason
|c E.678[28].
|
| 533 |
|
|
|a Electronic reproduction.
|b Ann Arbor, Mich. :
|c UMI,
|d 1999-
|f (Early English books online)
|n Digital version of: (Thomason Tracts ; 104:E678[28])
|7 s1999 miun s
|
| 650 |
|
0 |
|a Sermons, English
|y 17th century.
|
| 650 |
|
0 |
|a Fast-day sermons
|y 17th century.
|
| 830 |
|
0 |
|a Early English books online.
|
| 856 |
4 |
0 |
|u http://proxy.library.tamu.edu/login?url=https://search.proquest.com/docview/2240937630
|z Connect to the full text of this electronic book
|t 0
|
| 999 |
f |
f |
|s e3c3df43-03b1-3df5-921c-aa19cf2b126d
|i ec000758-e4e1-36af-b429-75f1e87ec692
|t 0
|
| 952 |
f |
f |
|a Texas A&M University
|b College Station
|c Electronic Resources
|d Available Online
|t 0
|h No information provided
|
| 998 |
f |
f |
|t 0
|l Available Online
|